000 00781nam a2200253Ia 4500
003 OSt
005 20220928115955.0
006 a|||||r|||| 00| 0
007 ta
008 220927b |||||||| |||| 00| 0 eng d
020 _c3238.0300000000002
024 _a127430
037 _b94, 10/11/2015, Classic Book Service
_cTextual
040 _aSDCL
_cSDCL
_beng
041 _2eng
_aeng
082 _aR3xM89, Q5
100 _aMcmanus Denis
_9447058
245 0 _aHeidegger, authenticity and the self
_b Themes from division two of being and time
260 _aLondon
_bRoutledge
_c2015
300 _axi;283p.
_ccm.
650 _aPhilosophy
942 _hR3xM89, Q5
_cTEXL
_2CC
999 _c761770
_d761770